Study guide for use with contemporary money, banking, and financial markets theory and practice
Enregistré dans:
| Auteur principal: | |
|---|---|
| Autres auteurs: | |
| Format: | Livre |
| Langue: | anglais |
| Publié: |
Chicago
IRWIN
1995
|
| Sujets: | |
| Tags: |
Pas de tags, Soyez le premier à ajouter un tag!
|
MARC
| LEADER | 00000nam a2200000 4500 | ||
|---|---|---|---|
| 001 | c124768 | ||
| 005 | 20221123112838.9 | ||
| 020 | |a 0-256-06070-3 | ||
| 041 | 0 | |a eng | |
| 044 | |a US | ||
| 245 | 1 | 0 | |a Study guide for use with contemporary money, banking, and financial markets |b theory and practice |c Michael G. Hadjimichalakis, Karma G. Hadjimichalakis |
| 264 | 1 | |a Chicago |b IRWIN |c 1995 | |
| 300 | |a 377 s. | ||
| 610 | 2 | 0 | |a peniaze |
| 610 | 2 | 0 | |a prostriedky peňažné |
| 610 | 2 | 0 | |a banky |
| 610 | 2 | 0 | |a trh finančný |
| 610 | 2 | 0 | |a trh peňažný |
| 610 | 2 | 0 | |a trh peňažný medzinárodný |
| 610 | 2 | 0 | |a trh finančný medzinárodný |
| 610 | 2 | 0 | |a inflácia |
| 610 | 2 | 0 | |a nezamestnanosť |
| 610 | 2 | 0 | |a politika hospodárska |
| 610 | 2 | 0 | |a hospodárstvo otvorené |
| 100 | 1 | |a Hadjimichalakis, Michael G. | |
| 700 | 1 | |a Hadjimichalakis, Karma G. | |